Paysage de fantaisie /

Uloženo v:
Podrobná bibliografie
Hlavní autor: Duvert, Tony (Autor)
Médium: Kniha
Jazyk:francouzština
Vydáno: Paris : Les editions de minuit, [1973]
Tagy: Přidat tag
Žádné tagy, Buďte první, kdo vytvoří štítek k tomuto záznamu!

MARC

LEADER 00000nam a22000007i 4500
001 IT\ICCU\URB\0398252
003 ItRI
005 20251014115250.0
008 030703s1973 fr |||||| ||||| |||||c
040 |b ita  |c ct 
041 7 |a fre  |2 ISO-639-2 
100 1 |a Duvert, Tony  |0 IT\ICCU\RAVV\033295  |4 aut 
245 1 0 |a Paysage de fantaisie /  |c Tony Duvert. 
260 |a Paris :  |b Les editions de minuit,  |c [1973] 
300 |a 230 p. ;  |c 19 cm. 
942 |2 ddc  |c BK 
952 |0 0  |1 0  |2 ddc  |4 0  |6 B_LNR02DUVTOPAY11  |7 0  |9 7703  |a MI  |b MI  |d 2012-05-25  |i 2983  |l 0  |o B-LNR02-DUVTO-PAY11  |p CDOM2983  |r 2025-07-13 16:28:00  |w 2025-07-13  |x DONO  |y BK 
981 1 |6 z01  |a i   |b xxxe  
982 1 |6 z01  |a n 
999 |c 6378  |d 6378